00868cam a22002291 4500001001300000003000400013005001700017008004100034010001700075035001900092040001900111042001200130050002100142100003800163245005900201260004500260300006400305500008100369505010600450650003400556651004800590ca 35000592 DLC20260227111138.0761216s1930 nyuabch 000 0 eng  aca 35000592  a(OCoLC)2626488 aDLCcNOsUdDLC apremarc00aD511b.F23 1930a1 aFay, Sidney Bradshaw,d1876-1967.14aThe origins of the world war,cby Sidney Bradshaw Fay. aNew York,bThe Macmillan company,c1930. a2 v.bfronts., illus. (incl. maps) ports., facsims.c23 cm. a"Published October, 1928. Reissued ... [v. 1] July, 1930 [v. 2, May, 1930]"0 aI. Before Sarajevo: underlying causes of the war.--II. After Sarajevo: immediate causes of the war. 0aWorld War, 1914-1918xCauses. 0aEuropexPolitics and governmenty1871-1918.